| 000 | 01230nam a2200373Ia 4500 | ||
|---|---|---|---|
| 001 | Z_6773 | ||
| 003 | CHAP | ||
| 008 | 220113s9999 xx 000 0 und d | ||
| 010 | _a170051 | ||
| 020 | _a978-9962-8500-7-6 | ||
| 040 | _cCHAP | ||
| 082 | _a639.543843 P38 | ||
| 245 |
_aPatología e inmunología de camarones penaeidos / _ceditores Vielka Molrales Q. y Jorge Cuéllar Anjel |
||
| 250 | _a2a ed. | ||
| 260 |
_aPanamá : _bOrganismo Internacional Regional de Sanidad Agropecuaria (OIRSA), _c |
||
| 300 | _a381 p. | ||
| 500 | _aDonación del Dr. Esteban A. Giñon D. Vice Ministro de Desarrollo Agropecuario de Panamá | ||
| 503 | _aej.1: donación | ||
| 504 | _aIncluye bibliografía al final de cada capítulo | ||
| 650 |
_aBuenas prácticas de acuicultura _9145897 |
||
| 650 |
_aCamarones _9142444 |
||
| 650 |
_aCamarones _x _x Enfermedades _9145898 |
||
| 650 |
_aLitopenaeus vannamei _9145881 |
||
| 650 |
_aPatología animal _9143825 |
||
| 650 |
_atécnicas de diagnóstico _9145899 |
||
| 700 |
_a Cuéllar Anjel, Jorge, ed. _9145900 |
||
| 700 |
_aMorales Q., Vielka, ed. _9145901 |
||
| 901 | _a639.543843 P38 | ||
| 902 | _aM | ||
| 910 | _a | ||
| 942 | _c1 | ||
| 942 | _cc1 | ||
| 999 |
_c170051 _d170051 |
||